Name all 205 cities of Austria - Statistics

General Stats
  • This quiz has been taken 26 times
  • The average score is 37 of 204
Answer Stats
Rank State Population Answer % Correct
92 Lower Austria 8.546 Bruck an der Leitha
100%
37 Styria 15.750 Bruck an der Mur
100%
2 Styria 302.749 Graz
100%
5 Tyrol 132.188 Innsbruck
100%
4 Salzburg 157.399 Salzburg
100%
1 Vienna 2.005.760 Vienna
100%
3 Upper Austria 211.944 Linz
96%
6 Carinthia 104.866 Klagenfurt
87%
7 Carinthia 65.600 Villach
83%
10 Lower Austria 58.856 St. Pölten
78%
12 Lower Austria 48.517 Wiener Neustadt
74%
15 Vorarlberg 29.643 Bregenz
70%
36 Burgenland 16.037 Eisenstadt
61%
11 Vorarlberg 51.876 Dornbirn
61%
9 Upper Austria 65.287 Wels
61%
14 Vorarlberg 36.384 Feldkirch
52%
28 Tyrol 20.169 Kufstein
52%
61 Tyrol 12.039 Lienz
52%
40 Tyrol 14.755 Hall in Tirol
48%
13 Upper Austria 38.034 Steyr
48%
21 Carinthia 25.084 Wolfsberg
48%
25 Salzburg 21.540 Hallein
43%
94 Tyrol 8.279 Kitzbühel
43%
31 Upper Austria 17.628 Braunau am Inn
39%
142 Lower Austria 5.146 Gmünd
39%
191 Carinthia 2.572 Gmund in Kärnten
39%
19 Lower Austria 25.363 Krems an der Donau
39%
130 Lower Austria 5.674 Melk
39%
23 Lower Austria 23.899 Amstetten
35%
18 Lower Austria 25.923 Baden
35%
17 Lower Austria 28.115 Klosterneuburg
35%
22 Styria 24.605 Leoben
35%
54 Upper Austria 12.674 Ried im Innkreis
35%
77 Salzburg 10.290 Zell am See
35%
103 Burgenland 7.527 Mattersburg
30%
47 Lower Austria 13.719 Korneuburg
30%
38 Carinthia 15.269 Spittal an der Drau
30%
35 Lower Austria 16.949 Tulln an der Donau
30%
43 Tyrol 14.487 Wörgl
30%
75 Lower Austria 10.766 Zwettl
30%
39 Vorarlberg 15.139 Bludenz
26%
50 Upper Austria 13.254 Gmunden
26%
118 Lower Austria 6.505 Horn
26%
24 Styria 22.080 Kapfenberg
26%
49 Styria 13.362 Leibnitz
26%
16 Upper Austria 29.096 Leonding
26%
27 Lower Austria 20.580 Mödling
26%
88 Burgenland 8.945 Neusiedl am See
26%
68 Salzburg 11.628 St. Johann im Pongau
26%
52 Upper Austria 12.803 Vöcklabruck
26%
76 Salzburg 10.751 Bischofshofen
22%
67 Styria 11.753 Deutschlandsberg
22%
57 Upper Austria 12.265 Enns
22%
44 Carinthia 14.427 Feldkirchen in Kärnten
22%
112 Styria 6.713 Hartberg
22%
56 Lower Austria 12.379 Hollabrunn
22%
72 Tyrol 11.108 Imst
22%
81 Styria 9.691 Judenburg
22%
102 Tyrol 7.616 Landeck
22%
62 Lower Austria 12.036 Mistelbach
22%
51 Lower Austria 12.894 Neunkirchen
22%
116 Styria 6.548 Schladming
22%
45 Tyrol 14.394 Schwaz
22%
26 Lower Austria 21.227 Schwechat
22%
20 Upper Austria 25.171 Traun
22%
74 Carinthia 10.956 Völkermarkt
22%
46 Upper Austria 14.170 Bad Ischl
17%
90 Styria 8.902 Fürstenfeld
17%
59 Lower Austria 12-133 Gänserndorf
17%
60 Lower Austria 12.082 Groß-Enzersdorf
17%
169 Burgenland 3.590 Güssing
17%
32 Vorarlberg 17.319 Hohenems
17%
95 Styria 8.211 Liezen
17%
100 Styria 7.919 Mürzzuschlag
17%
107 Tyrol 7.275 Reutte
17%
137 Upper Austria 5.349 Rohrbach-Berg
17%
194 Burgenland 1.984 Rust
17%
58 Carinthia 12.264 St. Veit an der Glan
17%
140 Lower Austria 5.232 Waidhofen an der Thaya
17%
71 Lower Austria 11.124 Waidhofen an der Ybbs
17%
132 Lower Austria 5.654 Ybbs an der Donau
17%
147 Styria 5.002 Bad Aussee
13%
96 Upper Austria 8.187 Freistadt
13%
201 Lower Austria 1.274 Geras
13%
161 Burgenland 4.168 Jennersdorf
13%
120 Lower Austria 6.390 Laa an der Thaya
13%
189 Lower Austria 2.605 Lilienfeld
13%
42 Upper Austria 14.724 Marchtrenk
13%
176 Burgenland 3.327 Oberpullendorf
13%
97 Burgenland 8.019 Oberwart
13%
205 Tyrol 464 Rattenberg
13%
33 Salzburg 17.273 Saalfelden am Steinernen Meer
13%
135 Upper Austria 5.456 Schärding
13%
136 Styria 5.414 Spielberg
13%
34 Lower Austria 16.999 Stockerau
13%
29 Lower Austria 19.209 Traiskirchen
13%
82 Styria 9.617 Voitsberg
13%
64 Steiermark 11.993 Weiz
13%
30 Upper Austria 18.251 Ansfelden
9%
87 Upper Austria 9.220 Attnang-Puchheim
9%
55 Lower Austria 12.442 Bad Vöslau
9%
156 Upper Austria 4.290 Eferding
9%
106 Carinthia 7.464 Ferlach
9%
182 Burgenland 2.979 Frauenkirchen
9%
66 Lower Austria 11.931 Gerasdorf bei Wien
9%
70 Styria 11.525 Gleisdorf
9%
110 Lower Austria 7.033 Hainburg an der Donau
9%
164 Lower Austria 3.819 Hainfeld
9%
200 Lower Austria 1.283 Hardegg
9%
93 Styria 8.399 Kindberg
9%
148 Upper Austria 4.970 Kirchdorf an der Krems
9%
180 Lower Austria 3.104 Marchegg
9%
91 Lower Austria 8.661 Neulengbach
9%
115 Salzburg 6.626 Neumarkt am Wallersee
9%
84 Upper Austria 9.459 Perg
9%
122 Burgenland 5.951 Pinkafeld
9%
162 Lower Austria 4.025 Pöchlarn
9%
131 Lower Austria 5.654 Poysdorf
9%
146 Styria 5.027 Rottenmann
9%
160 Lower Austria 4.219 Scheibbs
9%
145 Upper Austria 5.039 Steyregg
9%
63 Lower Austria 12.006 Strasshof an der Nordbahn
9%
85 Lower Austria 9.327 St. Valentin
9%
151 Lower Austria 4.785 Wieselburg
9%
109 Styria 7.076 Zeltweg
9%
155 Upper Austria 4.433 Bad Leonfelden
4%
178 Styria 3.227 Bad Radkersburg
4%
163 Carinthia 3.928 Bleiburg
4%
86 Lower Austria 9.223 Deutsch-Wagram
4%
121 Salzburg 6.097 Oberndorf bei Salzburg
4%
204 Lower Austria 807 Dürnstein
4%
65 Lower Austria 11.978 Ebreichsdorf
4%
172 Styria 3.439 Eisenerz
4%
48 Styria 13.515 Feldbach
4%
129 Lower Austria 5.708 Fischamend
4%
187 Styria 2.657 Friedberg
4%
114 Styria 6.668 Frohnleiten
4%
123 Lower Austria 5.828 Gloggnitz
4%
141 Upper Austria 5.182 Grieskirchen
4%
125 Lower Austria 5.790 Haag
4%
111 Carinthia 6.970 Hermagor-Pressegger See
4%
98 Lower Austria 7.963 Herzogenburg
4%
53 Styria 12.719 Knittelfeld
4%
83 Styria 9.601 Köflach
4%
105 Lower Austria 7.490 Langenlois
4%
192 Lower Austria 2.106 Litschau
4%
167 Styria 3.623 Mariazell
4%
101 Upper Austria 7.617 Mattighofen
4%
173 Lower Austria 3.413 Mautern an der Donau
4%
174 Styria 3.365 Murau
4%
99 Lower Austria 7.934 Pressbaum
4%
78 Niederösterreich 9.959 Purkersdorf
4%
188 Lower Austria 2.634 Raabs an der Thaya
4%
144 Salzburg 5.042 Radstadt
4%
69 Upper Austria 11.570 Seekirchen am Wallersee
4%
41 Lower Austria 14.753 Ternitz
4%
198 Tyrol 1.512 Vils
4%
134 Lower Austria 5.567 Zistersdorf
4%
197 Lower Austria 1.736 Allensteig
0%
143 Upper Austria 5.055 Altheim
0%
149 Carinthia 4.920 Althofen
0%
126 Upper Austria 5.768 Bad Hall
0%
157 Carinthia 4.265 Bad St. Leonhard im Lavanttal
0%
124 Styria 5.816 Bärnbach
0%
89 Lower Austria 9.944 Berndorf
0%
202 Lower Austria 1.178 Drosendorf-Zissersdorf
0%
179 Lower Austria 3.134 Ebenfurth
0%
170 Lower Austria 3.508 Eggenburg
0%
108 Styria 7.193 Fehring
0%
150 Carinthia 4.883 Friesach
0%
113 Upper Austria 6.689 Gallneukirchen
0%
165 Lower Austria 3.814 Gföhl
0%
184 Upper Austria 2.912 Grein
0%
154 Lower Austria 4.468 Groß Gerungs
0%
186 Lower Austria 2.674 Groß-Siegharts
0%
166 Lower Austria 3.735 Heidenreichstein
0%
185 Lower Austria 2-776 Kirchschlag in der Buckligen Welt
0%
80 Upper Austria 9.733 Laakirchen
0%
196 Lower Austria 1.958 Maissau
0%
175 Lower Austria 3.354 Mank
0%
159 Lower Austria 4.224 Mannersdorf am Leithagebirge
0%
127 Salzburg 5.763 Mittersill
0%
171 Styria 3.508 Mureck
0%
168 Burgenland 3.621 Neufeld an der Leitha
0%
183 Styria 2.922 Oberwölz
0%
153 Upper Austria 4.683 Peuerbach
0%
133 Upper Austria 5.644 Pregarten
0%
199 Lower Austria 1.476 Pulkau
0%
181 Burgenland 3.017 Purbach am Neusiedler See
0%
128 Carinthia 5.756 Radenthein
0%
158 Lower Austria 4.253 Retz
0%
203 Lower Austria 888 Schrattenthal
0%
138 Lower Austria 5.295 Schrems
0%
152 Upper Austria 4.773 Schwanenstadt
0%
139 Upper Austria 5.263 Stadl-Paura
0%
193 Burgenland 2.012 Stadtschlaining
0%
79 Carinthia 9.841 St. Andrä
0%
195 Carinthia 1.978 Straßburg
0%
117 Lower Austria 6.517 Traismauer
0%
177 Styria 3.306 Trieben
0%
73 Styria 11.007 Trofaiach
0%
190 Lower Austria 2.591 Weitra
0%
119 Lower Austria 6.489 Wilhelmsburg
0%
104 Lower Austria 7.492 Wolkersdorf im Weinviertel
0%
No matching quizzes found
Score Distribution
Percent of People with Each Score
Percentile by Number Answered
Your Score History
You have not taken this quiz